000 00867nam a2200313Ia 4500
003 20180125131113.0
005 20180125131154.0
008 171120s9999 xx 000 0 und d
020 _a9712705684
050 _a70.19
050 _bK368 1996
100 _aKenny, James
245 _aMaking documentaries & new features in the Philippines /
245 _cby James Kenny and Isabel Enriquez Kenny.
260 _aPhilippines :
260 _bAnvil,
260 _c1996
300 _a186 pages :
300 _billustrations ;
300 _c25cm.
500 _aIncludes glossary.
650 _aDocumentary television programs --
650 _aTelevision feature stories --
650 _xPhilippines.
650 _xProduction and direction -- Philippines.
700 _aKenny, Isabel Enriquez.
700 _aTitle.
942 _2ddc
_cBK
999 _c345393
_d345393